[Event "WA  Championship"]
[Site "Seattle"]
[Date "2010.02.06"]
[Round "1"]
[White "Perez Ignacio"]
[Black "Bragg David"]
[Result "1-0"]
[WhiteElo "2279"]
[BlackElo "2200"]

1.d4 b6 2.e4 Bb7 3.Nc3 ( 3.Bd3 f5 4.exf5 Bxg2 5.Qh5+ g6 6.fxg6
Bg7 {leads to wild complications.} ) e6 4.a3 d5 5.exd5 exd5 {
We now have an exchange french with the black queen's bishop committed to an
undesireable diagonal.  I preferred this to playing down the minor exchange.}
6.Nf3 Bd6 7.Bd3 Qe7+ ( 7...c6 8.O-O Qc7 9.Re1+ Ne7 {%05
I decided that I wanted his queen's bishop on e3, where I thought it was in the
way.  I could achieve the same position with that bishop on c1 by} )
8.Be3 c6 9.O-O Qc7 10.Re1 Ne7 11.Ne5 Nd7 ( 11...Bxe5 {?} 12.dxe5
Qxe5 13.Bc5 ) 12.Qh5 Bxe5 ( 12...g6 {?} 13.Qh4 O-O
( 13...Nxe5 14.dxe5 Bxe5 15.Bg5 Bd6 16.Rxe7+ Bxe7 17.Re1 ) 14.Nxd7
Qxd7 15.Bh6 {and the dual threats of Qf6 mating and Bxf8 winning material are decisive.}
) 13.dxe5 Nf8 14.Bf4 {
Black must now be continuously aware of white advancing the e-pawn with the
discovered attack on the queen; hence, the knight maneuver through f8 to e6.}
Ne6 15.Bg3 g6 16.Qf3 h5 {
White has control over the center and black is having difficulty finding
squares for his pieces.  If I sit back and do nothing, white will slowly
strangle black; hence, the pawn advances on the kingside.} 17.Qf6
{?!} ( 17.h4 {was better.  Rather than being the hunter in black's camp, the queen becomes the hunted.}
{%05Understandably, Ignacio didn't want to close lines of attack, but}
) Rh7 {Keeping g8 open for the knight.} 18.h3 ( 18.Bh4 {?} Rg7
19.Qxe7+ ( 19.Bg5 Ng8 $19 ) ( 19.Qf3 g5 20.Bg3 h4 $19 ) Qxe7
20.Bxe7 Kxe7 $15 {Black's pieces are better placed for the endgame.} )
h4 19.Bh2 a6 ( 19...O-O-O {would be safer.} {%05Covering the b5 square, with the idea of advancing the queenside pawns.}
) 20.Ne2 Qd7 {Finally removing the discovered attack threat.}
21.Rad1 c5 22.c4 {White's queen will be giving herself up.  Now the key is, what compensation will white get for her?}
d4 23.Nf4 Ng8 24.Nxe6 Nxf6 25.Ng5 {!} Rh5 {?} ( 25...O-O-O {!}
{%05I considered the candidate squares for my king were f8 & c8 (castling long).  I
decided on f8, so moving my rook first would just transpose.  This allowed Ignacio to make quick work of my exposed king.}
26.exf6 Rh5 27.Re7 ( 27.Bf4 Qc6 28.Ne4 {I had been concerned about the Nd6 threat in this line, but I think my fears were unjustified.}
( 28.Be4 {?} Qxf6 ) Rd7 29.Nd6+ Rxd6 ) ( 27.Ne4 Qc6 28.Be2 Qxe4
29.Bg4+ Rf5 ) Rxg5 28.Rxd7 Rxg2+ $19 ) 26.exf6+ Kd8
( 26...Kf8 {, but now realized that this is just bad because the knight and pawn control f7 & g7...}
{%05As I said above, when I played Rh5, I intended to continue}
27.Re7 Qc6 28.Rxf7+ Kg8 29.Be4 Qxe4 30.Rg7+ Kf8 31.Nxe4 Bxe4
32.Bd6+ Ke8 33.Re1 $18 ) 27.Bf4 Rxg5 28.Bxg5 Qc6 29.f3 Qa4 30.Rd2
( 30.Bxg6 {%03'with the idea'} Qxc4 ) Bc6 31.Rde2 {... and black flagged in a hopeless position.}
 1-0

[Event "WA  Championship"]
[Site "Seattle"]
[Date "2010.02.06"]
[Round "1"]
[White "Greninger Harley"]
[Black "Collyer Curt"]
[Result "1-0"]
[WhiteElo "2202"]
[BlackElo "2315"]

1.d4 Nf6 2.c4 c5 3.d5 e5 4.Nc3 d6 5.e4 Nbd7 6.Bd3 Be7 7.Nge2
O-O 8.Ng3 Ne8 9.O-O g6 10.Bh6 Ng7 11.Qd2 Nf6 12.h3 Kh8 13.a3
Ng8 14.Be3 f5 15.exf5 gxf5 16.f4 e4 17.Be2 Nf6 18.b4 b6 19.Nd1
Nd7 20.Bf2 Rg8 21.Ne3 Nf8 22.Bh5 Ng6 23.Bxg6 hxg6 24.Be1 Bf6
25.Rd1 Rf8 26.Ne2 Qe8 27.g4 Qa4 28.g5 Bd8 29.Qb2 Qd7 30.Bc3 Kg8
31.Kg2 Nh5 32.h4 Rf7 33.Rh1 Rh7 34.Nf1 Ba6 35.b5 Bb7 36.Nfg3
a6 37.a4 Kf7 38.Nxh5 gxh5 39.Ng3 Kg6 40.Rhf1 Qe8 41.Rde1 Bc8
42.Qc2 axb5 43.axb5 Raa7 44.Nxe4 fxe4 45.Rxe4 Bf5 46.Rxe8 Bxc2
47.f5+ Bxf5 48.Rxd8 Rhd7 49.Rg8+ Kf7 50.Rh8 Ra2+ 51.Kg1 1-0

[Event "WA  Championship"]
[Site "Seattle"]
[Date "2010.02.06"]
[Round "1"]
[White "Schill William"]
[Black "Omori Michael"]
[Result "0-1"]
[WhiteElo "2231"]
[BlackElo "2048"]
[Annotator "Schill William"]

1.e4 c5 2.Nc3 e6 3.Nf3 Nf6 4.e5 Nd5 {We have transposed into the Nimzowitch variation, actually I know nothing about it!}
5.Nxd5 exd5 6.d4 Nc6 7.dxc5 Bxc5 8.Bd3 ( 8.Qxd5 Qb6 9.Bc4 Bxf2+
10.Ke2 O-O 11.Rf1 Bc5 12.Ng5 {
Uncle Vik told me after the game that I should learn 'the long line' I did not
even know this was theory! Anyway I got this far on my own and thought that
after Nd4+ and Ne6 I would not be too happy with my King wandering around the
middle of the board. But I spent a lot of time looking at this stuff and would miss the minutes later.}
) d6 9.exd6 Qxd6 10.O-O {
At this point I was sure I had no advantage and I expected just 00. Sacrificing
on h7 cannot work when black has Bf5 later. I was happy to see Black's next move as aggressive play is not proper yet.}
Be6 11.c3 O-O-O {?} {%04?} 12.b4 Bb6 13.b5 Ne7 {
Now white has a winning attack against the black King. I had expected Na5 when
I have better piece placement but a battle remains.} 14.Qa4 {!An interesting geometry both Ba3 and Bf4 are possible, additionally the c4 square is covered.}
Ng6 15.c4 Ne5 ( 15...dxc4 16.Bxc4 Bxc4 17.Qxc4+ Kb8 {%02white has many pleasant choices}
) 16.c5 {!} Nxf3+ 17.gxf3 Bxc5 18.Bf4 Qd7 {a must to slow down b5-b6}
19.Rfc1 ( 19.Qxa7 {%00þ } Bxa7 {%00þ } 20.Rfc1+ {%00þ }
Qc6 {%00þ } 21.bxc6 {%00þ } bxc6 {%00þ } 22.Rab1 {%00þ }
Rd7 {%00þ } 23.Rxc6+ {%00þ } Kd8 {%00þ } 24.Be5 {%00þ }
f6 {%00þ } 25.Bd6 {%00þ } {+1.35|d11 Crafty} ) b6 20.Rab1
( 20.Rxc5+ bxc5 21.Qa6+ Qb7 22.Qc6+ Qxc6 23.bxc6 c4 24.Rb1 {%02I missed the stinger Rb1 I stopped looking after c4}
) Kb7 21.Rxc5 bxc5 22.Qa6+ Ka8 23.b6 Qb7 24.Qb5 c4 25.Rb4 Bd7
26.Qa5 a6 27.Rxc4 dxc4 28.Bxc4 Bh3 29.Bxa6 Qxb6 {%02'time'} 0-1

[Event "WA  Championship"]
[Site "Seattle"]
[Date "2010.02.06"]
[Round "1"]
[White "Pupols Viktors"]
[Black "Sinanan Joshua"]
[Result "1/2-1/2"]
[WhiteElo "2247"]
[BlackElo "2252"]

1.d4 Nf6 2.c4 e6 3.Nf3 b6 4.Nc3 Bb4 5.Bg5 h6 6.Bh4 Bb7 7.e3 Bxc3+
8.bxc3 d6 9.Bd3 Nbd7 10.O-O g5 11.Bg3 Ne4 12.Nd2 Nxg3 13.hxg3
( 13.fxg3 Qe7 14.Qh5 Nf6 15.Qe2 Nd7 16.a4 a5 17.c5 dxc5 18.Bb5
Rd8 19.Qh5 c6 20.Bd3 Nf6 21.Qf3 cxd4 22.exd4 Nd5 23.Nc4 O-O 24.Qh5
Kg7 25.Ne5 Nf6 26.Rxf6 Qxf6 27.Ng4 Rxd4 28.Nxf6 Rxd3 29.Rf1 {1-0, Nestorovic--Jovanovic, Belgrade 1991}
) h5 14.e4 Qf6 15.Qe2 h4 16.g4 Qf4 17.Rfd1 Nf6 18.f3 h3 19.Nf1
hxg2 20.Qxg2 Nd7 21.Qg3 Qf6 22.Ne3 O-O-O 23.Bf1 Nf8 24.Rd2 Ng6
25.Rh2 Rxh2 26.Kxh2 Rh8+ 27.Kg1 Nf4 28.Kf2 Rh1 29.Rd1 Qh8 30.Ke1
c5 31.Rd2 Ba6 32.Kd1 Bxc4 33.Nxc4 Rxf1+ 34.Kc2 Qh1 35.Rh2 Rc1+
36.Kb2 Nd3+ 37.Ka3 Rxc3+ 38.Ka4 Rxc4+ 39.Kb5 Kb7 40.Kxc4 Qd1
41.Qxd6 Qf1 42.Qd7+ Ka6 43.Qb5+ Kb7 44.Kc3 cxd4+ 45.Kd2 1/2-1/2

[Event "WA  Championship"]
[Site "Seattle"]
[Date "2010.02.06"]
[Round "1"]
[White "Hadzic Huso"]
[Black "Chen Howard"]
[Result "0-1"]
[WhiteElo "2162"]
[BlackElo "2249"]

1.e4 c5 2.Nf3 d6 3.d4 cxd4 4.Nxd4 Nf6 5.Nc3 e6 6.Bc4 Be7 7.Be3
O-O 8.f3 d5 9.exd5 exd5 10.Be2 Nc6 11.Qd2 Re8 12.O-O-O Bb4 13.Rhe1
Bd7 14.a3 Ba5 15.Nb3 Bxc3 16.Qxc3 Rc8 17.Bd4 Bf5 18.Na1 Nxd4
19.Qxd4 Qc7 20.Bd3 Bxd3 21.Qxd3 Qxh2 22.g4 Qg3 23.Rxe8+ Rxe8
24.Nb3 Qf4+ 25.Qd2 Qxd2+ 26.Kxd2 g5 27.Nd4 Kg7 28.Nf5+ Kg6 29.Nd6
Ra8 30.Nxb7 Rb8 31.Na5 Rxb2 32.Kc3 Rb6 33.Nb3 Rc6+ 34.Kd3 h5
35.gxh5+ Nxh5 36.Nd4 Nf4+ 37.Kd2 Ra6 38.Ra1 f5 39.a4 g4 40.Ke3
Kg5 41.fxg4 fxg4 42.a5 Ng6 43.Nb3 Nh4 44.Nc5 Nf5+ 45.Kd3 Rc6
46.Nd7 g3 47.Ne5 Re6 48.Nf3+ Kf4 49.Ne1 Nh4 50.c4 Re3+ 51.Kd4
Rxe1 52.Rxe1 Nf3+ 53.Kxd5 Nxe1 54.c5 g2 55.c6 g1Q 56.c7 Qg8+ 0-1

[Event "WA  Championship"]
[Site "Seattle"]
[Date "2010.02.06"]
[Round "2"]
[White "Bragg David"]
[Black "Schill William"]
[Result "1/2-1/2"]
[WhiteElo "2200"]
[BlackElo "2231"]

1.d4 Nf6 2.c4 g6 3.Nc3 Bg7 4.e4 d6 5.Nf3 O-O 6.h3 e5 7.dxe5 dxe5
8.Qxd8 Rxd8 9.Bg5 c6 10.Nxe5 Na6 11.Nd3 Re8 12.e5 Nd7 13.O-O-O
h6 14.Bf4 g5 15.Bg3 Nxe5 16.Nxe5 Bxe5 17.Bxe5 Rxe5 18.Rd8+ Kg7
19.Be2 1/2-1/2

[Event "WA  Championship"]
[Site "Seattle"]
[Date "2010.02.06"]
[Round "2"]
[White "Chen Howard"]
[Black "Omori Michael"]
[Result "1-0"]
[WhiteElo "2249"]
[BlackElo "2048"]

1.e4 c5 2.Nf3 e6 3.d3 d5 4.Nbd2 Nf6 5.g3 Nc6 6.Bg2 Be7 7.O-O
O-O 8.Re1 a6 9.e5 Nd7 10.Nf1 b5 11.h4 Bb7 12.h5 Qc7 13.Bf4 Nb6
14.h6 g6 15.N1h2 d4 16.Ng4 Rad8 17.Bg5 Nd5 18.Qd2 Kh8 19.Bxe7
Ncxe7 20.Ng5 Qb6 21.Ne4 Nf5 22.Qg5 c4 23.Ngf6 Nfe7 24.Nd6 Rxd6
25.exd6 Qxd6 26.dxc4 bxc4 27.Rad1 c3 28.bxc3 dxc3 29.Bxd5 exd5
30.Ne4 Qc6 31.Qxe7 1-0

[Event "WA  Championship"]
[Site "Seattle"]
[Date "2010.02.06"]
[Round "2"]
[White "Sinanan Joshua"]
[Black "Perez Ignacio"]
[Result "1-0"]
[WhiteElo "2252"]
[BlackElo "2279"]

1.d4 Nf6 2.c4 g6 3.Nc3 Bg7 4.e4 d6 5.Nf3 O-O 6.Be2 e5 7.O-O exd4
8.Nxd4 Re8 9.f3 c6 10.Kh1 a5 11.Bg5 a4 12.Qd2 Qa5 13.Nc2 Nbd7
14.b4 Qe5 15.Bf4 Qh5 16.Bxd6 Ne5 17.Ne3 Bh6 18.f4 Neg4 19.Nxg4
Bxg4 20.Bxg4 Nxg4 21.h3 f5 22.Qe2 Nf6 23.e5 Qxe2 24.Nxe2 Ne4
25.c5 a3 26.Rad1 Ra4 27.Rd4 Kf7 28.g3 Bf8 29.Kg2 Ra6 30.Bc7 Raa8
31.Rfd1 Be7 32.Rd7 Ra4 33.R1d4 Ke6 34.Bb6 Nd6 35.Rxe7+ Kxe7 36.cxd6+
Kd7 37.Ba5 c5 38.Rc4 cxb4 39.Rc7+ Ke6 40.Nd4+ Kd5 41.Nb3 b6 42.Bxb6
Raa8 43.Kf3 Reb8 44.Rc5+ Ke6 45.Nd4+ Kf7 46.e6+ Kg7 47.Rc7+ Kh6
48.Rc6 Ra6 49.d7 1-0

[Event "WA  Championship"]
[Site "Seattle"]
[Date "2010.02.06"]
[Round "2"]
[White "Hadzic Huso"]
[Black "Greninger Harley"]
[Result "1/2-1/2"]
[WhiteElo "2162"]
[BlackElo "2202"]

1.e4 e6 2.d4 d5 3.exd5 exd5 4.Bd3 Bd6 5.Ne2 Nf6 6.Bf4 Bg4 7.Bxd6
Qxd6 8.O-O O-O 9.c3 Re8 10.Nd2 Nbd7 11.Re1 Re7 12.Nf1 Rae8 13.Ne3
g6 14.h3 Bxe2 15.Rxe2 Ne4 16.Nf1 Ndf6 17.Qc2 Nh5 18.Rae1 Nf4
19.Re3 f5 20.f3 Ng5 21.Bxf5 gxf5 22.Qxf5 Qg6 23.Qxg6+ Nxg6 24.h4
Rxe3 25.Rxe3 Rxe3 26.Nxe3 Nxh4 27.Nxd5 c6 28.Ne7+ Kf7 29.Nc8
Ke6 30.Nxa7 Kd6 31.Nc8+ Ke6 32.Nb6 Ng6 33.a4 Nf7 34.g3 Nd6 35.Kf2
Nf8 36.a5 Nd7 37.Na4 Nc4 38.b4 Kd5 39.Ke2 Nd6 40.Kd3 Nc4 41.g4
Nd6 42.Nb2 b5 43.f4 Nf6 44.g5 Nh5 45.Ke3 Ng7 46.Kf3 Ne6 47.Nd1
Kc4 48.Kg4 Kd3 49.f5 Nc7 50.g6 hxg6 51.fxg6 Nde8 52.Kf5 Kd2 53.Ke5
Kxd1 54.g7 Nxg7 55.Kd6 Nge8+ 56.Kxc6 Kc2 57.a6 Nxa6 58.Kxb5 Kxc3 1/2-1/2

[Event "WA  Championship"]
[Site "Seattle"]
[Date "2010.02.06"]
[Round "2"]
[White "Collyer Curt"]
[Black "Pupols Viktors"]
[Result "1-0"]
[WhiteElo "2315"]
[BlackElo "2247"]

1.d4 Nf6 2.c4 e6 3.Nc3 d5 4.cxd5 exd5 5.Bg5 Be7 6.e3 c6 7.Bd3
Nbd7 8.Qc2 Nf8 9.Nge2 Ne6 10.Bh4 g6 11.O-O Ng7 12.f3 O-O 13.Rad1
Be6 14.h3 Nfe8 15.Bf2 Nd6 16.e4 dxe4 17.fxe4 Bc4 18.Bxc4 Nxc4
19.d5 Qc7 20.dxc6 bxc6 21.b3 Na3 22.Qc1 Rac8 23.Nd4 a6 24.Qh6
Nb5 25.Rc1 Qe5 26.Nf3 Qh5 27.Qxh5 Nxh5 28.g3 Rfd8 29.Na4 Nf6
30.Ne5 Bf8 31.Nxc6 Re8 32.Nb6 Rxc6 33.Rxc6 Nxe4 34.Nd5 Re6 35.Rxe6
fxe6 36.Nf4 Nxf2 37.Kxf2 e5 38.Ne6 Bb4 39.Ke3 Nc3 40.a4 h6 41.Nc7
a5 42.Nb5 Nd5+ 43.Ke4 Ne7 44.Kxe5 Kg7 45.Ke6 Nf5 46.g4 Ng3 47.Rf7+
Kg8 48.Kf6 g5 49.Nc7 Ne2 50.Nd5 Bd6 51.Kg6 Nf4+ 52.Nxf4 gxf4
53.Rf5 1-0

[Event "WA  Championship"]
[Site "Seattle"]
[Date "2010.02.07"]
[Round "3"]
[White "Perez Ignacio"]
[Black "Collyer Curt"]
[Result "0-1"]
[WhiteElo "2279"]
[BlackElo "2315"]

1.d4 d5 2.c4 c6 3.Nc3 Nf6 4.Nf3 a6 5.Bg5 dxc4 6.e4 b5 7.Be2 b4
8.Na4 Nxe4 9.Bxc4 Nxg5 10.Nxg5 e6 11.Qh5 g6 12.Qg4 Bg7 13.O-O-O
O-O 14.h4 Nd7 15.h5 Nf6 16.Qh4 h6 17.Nf3 Nxh5 18.Qh2 Qf6 19.Nb6
Ra7 20.Kb1 c5 21.Ne5 cxd4 22.Nc6 Rb7 23.Nxc8 Rxc8 24.Bxa6 Rxc6
25.Bxb7 d3 26.Rd2 Rc2 27.Qb8+ Kh7 28.Rxc2 dxc2+ 29.Kxc2 Qxb2+
30.Kd3 Qc3+ 31.Ke2 Qc4+ 32.Kd1 Qd3+ 33.Kc1 Qc3+ 34.Kd1 Qa1+ 35.Kc2
Qxa2+ 36.Kd3 Qb3+ 37.Kd2 Bc3+ 38.Ke2 Qc2+ 39.Ke3 Qd2+ 40.Kf3
Qd3+ 0-1

[Event "WA  Championship"]
[Site "Seattle"]
[Date "2010.02.07"]
[Round "3"]
[White "Schill William"]
[Black "Sinanan Joshua"]
[Result "0-1"]
[WhiteElo "2252"]
[BlackElo "2231"]

1.e4 c5 2.Nf3 e6 3.d4 cxd4 4.Nxd4 Nc6 5.Nc3 Qc7 6.Be3 a6 7.Qd2
Nf6 8.O-O-O Be7 9.f3 O-O 10.g4 b5 11.g5 Ne8 12.h4 Ne5 13.Qg2
Bb7 14.f4 b4 15.Na4 Nc4 16.Bxc4 Qxc4 17.Nb6 Qxa2 18.Nxa8 Bxa8
19.Nb3 Nd6 20.Rxd6 Bxd6 21.Rd1 Rc8 22.Rxd6 Qxb3 23.Bd4 Qa4 24.Kb1
b3 25.cxb3 Qxb3 26.Qe2 Bc6 27.Bc3 Rb8 28.Rxc6 dxc6 29.Qd3 e5
30.Qd6 exf4 31.Qe5 f6 32.gxf6 Rd8 0-1

[Event "WA  Championship"]
[Site "Seattle"]
[Date "2010.02.07"]
[Round "3"]
[White "Pupols Viktors"]
[Black "Hadzic Huso"]
[Result "1/2-1/2"]
[WhiteElo "2247"]
[BlackElo "2162"]

1.d4 d5 2.Nf3 Nf6 3.e3 e6 4.Nbd2 Be7 5.Bd3 Nbd7 6.b3 b6 7.Bb2
Bb7 8.O-O O-O 9.Ne5 Nxe5 10.dxe5 Ne4 11.f4 Nxd2 12.Qxd2 f6 13.Qe2
f5 14.g4 g6 15.h3 Rf7 16.Kh2 Kh8 17.Rg1 Qf8 18.gxf5 gxf5 19.Qh5
Rd8 20.Rg3 Rg7 21.Rag1 Rxg3 22.Rxg3 c5 23.Bf1 Qe8 24.Qxe8+ Rxe8
25.Rg1 Bh4 26.Bc1 Rg8 27.Rxg8+ Kxg8 28.Be2 Kf7 29.Bd2 Ke7 30.Kg1
Kd7 31.Kf1 a6 32.Be1 Be7 33.Bf2 b5 34.c3 Bc6 35.Ke1 a5 36.Kd2
c4 37.Kc2 Bc5 38.Kb2 cxb3 39.axb3 Kc7 40.Bh5 a4 41.b4 Bb6 42.Be2
Ba8 43.Bf3 Bc6 44.Bh5 Kd7 45.Be2 Bd8 46.Bh5 Be7 47.Be2 Bf8 48.Bh5
Bh6 49.Be2 Bf8 1/2-1/2

[Event "WA  Championship"]
[Site "Seattle"]
[Date "2010.02.07"]
[Round "3"]
[White "Greninger Harley"]
[Black "Chen Howard"]
[Result "1/2-1/2"]
[WhiteElo "2202"]
[BlackElo "2249"]

1.d4 Nf6 2.Nf3 g6 3.Nc3 d5 4.Bf4 Bg7 5.e3 O-O 6.Be2 Nbd7 7.Ne5
c6 8.h4 h6 9.g4 Ne4 10.Nxe4 dxe4 11.Nc4 b6 12.c3 Bb7 13.Qb3 Qc8
14.O-O-O c5 15.d5 Rd8 16.g5 h5 17.Bf1 a6 18.Bh3 b5 19.Nb6 Nxb6
20.Bxc8 Raxc8 21.d6 e5 22.Bg3 Rd7 23.Qc2 c4 24.f4 Na4 25.fxe5
Nc5 26.Qh2 Nd3+ 27.Kb1 Bd5 28.Rhf1 Rb8 29.Ka1 a5 30.Rf6 Bxf6
31.gxf6 b4 32.Rxd3 cxd3 33.Be1 bxc3 34.Bxc3 a4 35.a3 Kh7 36.Kb1
Rb3 37.Bb4 Rd8 38.Ba5 Rd7 39.Bb4 Rd8 40.Ba5 Rd7 41.Qd2 Rdb7 1/2-1/2

[Event "WA  Championship"]
[Site "Seattle"]
[Date "2010.02.07"]
[Round "3"]
[White "Omori Michael"]
[Black "Bragg David"]
[Result "1/2-1/2"]
[WhiteElo "2048"]
[BlackElo "2200"]

1.e4 e5 2.Nf3 Nc6 3.d4 exd4 4.Bc4 Be7 5.O-O d6 6.Nxd4 Nf6 7.Nc3
O-O 8.h3 Ne5 9.Be2 c5 10.Nb3 a6 11.a4 Rb8 12.Bf4 b6 13.Bg3 Be6
14.Bxa6 Bxb3 15.cxb3 Nc6 16.Bc4 Rb7 17.Re1 Nb4 18.Qd2 Nh5 19.Bh2
Bg5 20.f4 Bf6 21.Nb5 g5 22.fxg5 Bxg5 23.Qe2 Nf4 24.Bxf4 Bxf4
25.Qg4+ Qg5 26.Qxg5+ Bxg5 27.Rad1 Nc2 28.Rf1 Ne3 29.Nxd6 Nxd1
30.Nxb7 Ne3 31.Rf3 Nxc4 32.bxc4 Bc1 33.Rb3 Ra8 34.Rxb6 Rxa4 35.b3
Ra2 36.g3 Be3+ 37.Kh1 Rf2 38.g4 Bf4 39.Rf6 Rh2+ 40.Kg1 Bb8 41.Rc6
Kg7 42.Nxc5 Rxh3 43.b4 Rg3+ 44.Kf2 Rxg4 45.b5 h5 46.Ra6 h4 47.Ra1
Be5 48.Rd1 h3 49.Nd7 Rg2+ 50.Kf3 Rg3+ 51.Kf2 Rg2+ 1/2-1/2

[Event "WA  Championship"]
[Site "Seattle"]
[Date "2010.02.07"]
[Round "4"]
[White "Hadzic Huso"]
[Black "Perez Ignacio"]
[Result "1/2-1/2"]
[WhiteElo "2162"]
[BlackElo "2279"]

1.e4 g6 2.d4 Bg7 3.Nc3 d6 4.f4 Nh6 5.Nf3 O-O 6.Bd3 Na6 7.Be3
Ng4 8.Bg1 c5 9.h3 cxd4 10.Nxd4 Nf6 11.Bxa6 bxa6 12.Qd3 Bb7 13.Be3
Rc8 14.Nde2 Qa5 15.O-O Rc7 16.a3 Rfc8 17.f5 Rc4 18.fxg6 hxg6
19.Ng3 Nd7 20.Qd2 Ne5 21.Qf2 e6 22.Bxa7 Qc7 23.Be3 d5 24.exd5
exd5 25.Nge2 d4 26.Nxd4 Rxd4 27.Bxd4 Nf3+ 28.gxf3 Bxd4 29.Qxd4
Qg3+ 30.Kh1 Qxh3+ 31.Kg1 Qg3+ 32.Kh1 1/2-1/2

[Event "WA  Championship"]
[Site "Seattle"]
[Date "2010.02.07"]
[Round "4"]
[White "Greninger Harley"]
[Black "Pupols Viktors"]
[Result "1/2-1/2"]
[WhiteElo "2202"]
[BlackElo "2247"]

1.d4 Nf6 2.c4 e6 3.g3 d5 4.Bg2 Nbd7 5.Nf3 dxc4 6.Qa4 a6 7.Nc3
Be7 8.Qxc4 b5 9.Qd3 Bb7 10.O-O c5 11.b3 O-O 12.Rd1 Qb6 13.Bb2
Rfd8 14.e3 Bc6 15.Qf1 Rac8 16.dxc5 Nxc5 17.Nd4 Bb7 18.Bxb7 Qxb7
19.Qg2 Qxg2+ 20.Kxg2 e5 21.Nf5 Bf8 22.Rxd8 Rxd8 23.Rd1 Rxd1 24.Nxd1
Nd3 25.Kf3 g6 26.Nh4 e4+ 27.Ke2 Nxb2 28.Nxb2 Nd5 29.a4 Ba3 30.Nd1
bxa4 31.bxa4 f5 32.f3 exf3+ 33.Nxf3 Nb6 34.Nc3 Bb4 35.Kd3 Bxc3
36.Kxc3 Nxa4+ 37.Kb4 Nb2 38.Ka5 Nc4+ 39.Kxa6 Nxe3 40.Kb5 Kg7
41.Kc5 Kf6 42.Kd4 Ng4 43.h3 Nf2 44.Ng1 g5 45.Ke3 Nd1+ 46.Kf3
Nc3 47.Ke3 Nd5+ 48.Kf3 h6 49.Ne2 Ke5 50.Nc1 Nf6 51.Nd3+ Kd4 52.Nc1
Nd7 53.Ne2+ Kd3 54.Nf4+ Kd2 55.Ng6 Kd3 56.g4 fxg4+ 1/2-1/2

[Event "WA  Championship"]
[Site "Seattle"]
[Date "2010.02.07"]
[Round "4"]
[White "Collyer Curt"]
[Black "Schill William"]
[Result "1/2-1/2"]
[WhiteElo "2315"]
[BlackElo "2176"]

1.d4 Nf6 2.c4 g6 3.Nc3 Bg7 4.e4 d6 5.f4 O-O 6.Nf3 c5 7.dxc5 dxc5
8.Qxd8 Rxd8 9.e5 Ne8 10.Be3 b6 11.Nd5 Nc6 12.O-O-O Bb7 13.Be2
f6 14.exf6 exf6 15.f5 Rac8 16.Bd3 Nd6 17.fxg6 hxg6 18.b3 f5 19.Nh4
Kf7 20.Rhf1 Ne5 21.Bg5 Rh8 22.Bc2 Rh5 23.Nf4 Rxg5 24.Rxd6 Rg4
25.Nhxg6 Nxg6 26.Nxg6 Rxg6 27.Rxf5+ Bf6 28.Rd7+ Ke6 29.Rxb7 Rxg2
30.Rf1 Rh8 31.h3 Bg5+ 32.Kb1 Rd8 33.Re1+ Kf6 34.Rbe7 Rd6 35.R7e2
Rxe2 36.Rxe2 Rd2 37.Rxd2 Bxd2 38.Kb2 Be1 39.Ka3 Ke5 40.Ka4 a6
41.Bd1 Kd6 42.Bf3 Bh4 43.Bg2 Bf6 44.a3 a5 45.Kb5 Kc7 46.Bf1 Bh4
47.b4 axb4 48.axb4 cxb4 49.Kxb4 Kd6 50.Kc3 Ke5 51.Kd3 Bf2 52.Ke2
Bc5 53.Kf3 Kf6 54.Ke4 Kg7 1/2-1/2

[Event "WA  Championship"]
[Site "Seattle"]
[Date "2010.02.07"]
[Round "4"]
[White "Chen Howard"]
[Black "Bragg David"]
[Result "1-0"]
[WhiteElo "2249"]
[BlackElo "2200"]

1.e4 c5 2.Nf3 Nc6 3.Bb5 e6 4.b3 Nge7 5.O-O b6 6.Bb2 Bb7 7.Nc3
Nd4 8.Nxd4 cxd4 9.Ne2 Bxe4 10.Nxd4 Nd5 11.Re1 Bg6 12.Nf3 a6 13.Bf1
d6 14.c4 Nf6 15.Nh4 Be7 16.Nxg6 hxg6 17.Qf3 Rh5 18.Be2 d5 19.cxd5
Qd6 20.Qg3 Qxg3 21.hxg3 Rh7 22.dxe6 O-O-O 23.Rac1+ 1-0

[Event "WA  Championship"]
[Site "Seattle"]
[Date "2010.02.07"]
[Round "4"]
[White "Sinanan Joshua"]
[Black "Omori Michael"]
[Result "1-0"]
[WhiteElo "2252"]
[BlackElo "2048"]

1.d4 Nf6 2.c4 g6 3.Nc3 Bg7 4.e4 d6 5.Nf3 O-O 6.Be2 e5 7.O-O Na6
8.Re1 c6 9.Bf1 Bg4 10.d5 Nb4 11.Qb3 a5 12.a3 Na6 13.Na4 Nd7 14.Nd2
Ndc5 15.Qg3 Bd7 16.Nc3 a4 17.Be2 f5 18.Bd1 f4 19.Qf3 Nc7 20.Bc2
g5 21.Qd1 g4 22.Nxa4 Nxa4 23.Bxa4 Qh4 24.Nf1 Rf6 25.dxc6 bxc6
26.c5 Raf8 27.b4 f3 28.Be3 Bh6 29.Bxh6 fxg2 30.Be3 gxf1Q+ 31.Rxf1
Rf3 32.Qxd6 Re8 33.Qh6 Qxh6 34.Bxh6 Re6 35.Be3 h5 36.Bb3 h4 37.Rad1
Nd5 38.exd5 Rg6 39.dxc6+ Be6 40.c7 g3 41.c8Q+ Kg7 42.Rd7+ Bxd7
43.Qg8+ Kf6 44.Qf8# 1-0

[Event "WA  Championship"]
[Site "Seattle"]
[Date "2010.02.13"]
[Round "5"]
[White "Omori Michael"]
[Black "Collyer Curt"]
[Result "1-0"]
[WhiteElo "2048"]
[BlackElo "2315"]

1.e4 e6 2.d4 d5 3.Nc3 Nf6 4.Bg5 Be7 5.e5 Nfd7 6.Bxe7 Qxe7 7.Qh5
a6 8.f4 c5 9.Nf3 Nc6 10.O-O-O b5 11.dxc5 Nxc5 12.f5 b4 13.Ne2
Ne4 14.Ned4 Nxd4 15.Rxd4 exf5 16.Rxd5 O-O 17.Bd3 h6 18.Nd4 Nf2
19.Nxf5 Qe6 20.Rf1 Re8 21.Rxf2 Qxd5 22.Nxh6+ gxh6 23.Qxh6 f5
24.Qg6+ Kf8 25.Bxf5 Qd4 26.Qh6+ Kf7 27.Qf6+ Kg8 28.Bh7+ Kxh7
29.Qf7+ Kh8 30.Qxe8+ Kg7 31.Qf7+ Kh8 32.Qf8+ 1-0

[Event "WA  Championship"]
[Site "Seattle"]
[Date "2010.02.13"]
[Round "5"]
[White "Pupols Viktors"]
[Black "Chen Howard"]
[Result "1/2-1/2"]
[WhiteElo "2247"]
[BlackElo "2249"]

1.d4 Nf6 2.c4 g6 3.Nc3 d5 4.Nf3 Bg7 5.Qb3 dxc4 6.Qxc4 O-O 7.e4
Bg4 8.Be3 Nfd7 9.Rd1 Nb6 10.Qc5 Nc6 11.Be2 Qd6 12.Nb5 Qxc5 13.dxc5
Na4 14.b3 Nc3 15.Nxc3 Bxf3 16.gxf3 Bxc3+ 17.Kf1 Rfd8 18.Kg2 Bd4
19.Bb5 Bxe3 20.Bxc6 bxc6 21.fxe3 f5 22.exf5 gxf5 23.Kf2 Kf7 24.e4
Kf6 25.Ke3 e5 26.exf5 Rd5 27.Rxd5 cxd5 28.Rg1 Rb8 29.Rg4 Rb5
30.f4 Rxc5 31.fxe5+ Kxe5 32.Rh4 Rc2 33.Rxh7 Rxa2 34.Rxc7 Rxh2
35.Re7+ Kxf5 36.Rxa7 Rh3+ 37.Kd4 Rxb3 38.Kxd5 Rd3+ 39.Kc4 Rd8 1/2-1/2

[Event "WA  Championship"]
[Site "Seattle"]
[Date "2010.02.13"]
[Round "5"]
[White "Perez Ignacio"]
[Black "Greninger Harley"]
[Result "1/2-1/2"]
[WhiteElo "2279"]
[BlackElo "2202"]

1.d4 d5 2.c4 c6 3.Nc3 Nf6 4.Nf3 e6 5.Bg5 Nbd7 6.a3 Be7 7.Qc2
b6 8.Bxf6 Nxf6 9.e4 dxe4 10.Nxe4 Bb7 11.O-O-O Qc7 12.Ne5 Nxe4
13.Qxe4 c5 14.d5 Bf6 15.f4 O-O-O 16.Be2 Rhe8 17.Nc6 Bxc6 18.dxc6
Rxd1+ 19.Rxd1 Rd8 20.g3 g6 21.Kc2 Rxd1 22.Bxd1 Qd6 23.Bf3 Kc7
24.h3 Qd4 25.Qxd4 Bxd4 26.g4 f5 27.b4 cxb4 28.axb4 a5 29.b5 Be3
30.gxf5 gxf5 31.Bh5 Bxf4 32.Bf7 Bd6 33.Bxe6 f4 34.Bg4 a4 35.Kd3
a3 36.Kc2 h6 37.Kb3 Bc5 {%30^030} 1/2-1/2

[Event "WA  Championship"]
[Site "Seattle"]
[Date "2010.02.13"]
[Round "5"]
[White "Schill William"]
[Black "Hadzic Huso"]
[Result "1/2-1/2"]
[WhiteElo "2231"]
[BlackElo "2162"]

1.e4 c5 2.Nf3 e6 3.d4 cxd4 4.Nxd4 Nc6 5.Nc3 Qc7 6.Be3 a6 7.Qd2
Nf6 8.O-O-O Ng4 9.Bf4 e5 10.Nxc6 dxc6 11.Bg3 g6 12.Kb1 Bh6 13.Qd6
Qxd6 14.Rxd6 Bf8 15.Rd3 f6 16.f3 Nh6 17.Na4 Be6 18.Nb6 Rb8 19.Bf2
Nf7 20.Be2 Rd8 {%30^030} 1/2-1/2